[Event "Yerevan ol (Men)"]
[Site "Yerevan"]
[Date "1996.??.??"]
[Round "6"]
[White "Imanaliev, Taalaibek"]
[Black "Arancibia, Eduardo"]
[Result "1-0"]
[WhiteElo "2395"]
[BlackElo "2340"]

1.e4 c5 2.Nf3 e6 3.d4 cxd4 4.Nxd4 Nc6 5.Nb5 d6 6.c4 Nf6 7.N1c3 a6 8.Na3 Be7
9.g3 O-O 10.Bg2 Bd7 11.O-O Qb8 12.Be3 b6 13.Qe2 Rc8 14.Kh1 Ra7 15.f4 Rac7
16.g4 Na5 17.g5 Ne8 18.f5 Nxc4 19.Nxc4 Rxc4 20.Qh5 Rxc3 21.bxc3 Bf8 22.Rf4 exf5
23.exf5 g6 24.fxg6 hxg6 25.Qxg6+ fxg6 26.Bd5+ Kh7 27.Rh4+ Bh6 28.Rxh6+ Kg7
29.Bd4+ Kf8 30.Re1 Be6 31.Rxe6  1-0

[Event "Yerevan ol (Men)"]
[Site "Yerevan"]
[Date "1996.??.??"]
[Round "12"]
[White "Kanengoni, Arnold T"]
[Black "Al Modiahki, Mohamad"]
[Result "0-1"]
[WhiteElo "2230"]
[BlackElo "2420"]

1.e4 c5 2.Nf3 e6 3.d4 cxd4 4.Nxd4 Nc6 5.Nb5 d6 6.c4 Nf6 7.N1c3 a6 8.Na3 d5
9.cxd5 exd5 10.exd5 Nb4 11.Bc4 Bg4 12.Qd4 b5 13.Bb3 Bc5 14.Qe5+ Kf8 15.O-O Nd3
16.Qg3 Nxc1 17.Raxc1 Bd6 18.Qe3 b4 19.Nc4 bxc3 20.Nxd6 Qxd6 21.Rxc3 Bd7 22.h3 Re8
23.Qa7 g6 24.Re3 Kg7 25.Rf3 Re4 26.Rc3 Rhe8 27.Qc7 Qxc7 28.Rxc7 Re2 29.Rfc1 Rxb2
30.R1c2 Rxc2 31.Bxc2 Rc8 32.Rxc8 Bxc8 33.Bb3 Kf8 34.f3 Ke7 35.d6+ Kxd6 36.Bxf7 Be6
37.Bxe6 Kxe6 38.Kf2 Nd5 39.g3 a5  0-1

[Event "Yerevan ol (Men)"]
[Site "Yerevan"]
[Date "1996.??.??"]
[Round "12"]
[White "Rodriguez, Amador"]
[Black "Hellsten, Johan"]
[Result "1-0"]
[WhiteElo "2510"]
[BlackElo "2490"]

1.e4 c5 2.Nf3 e6 3.d4 cxd4 4.Nxd4 Nc6 5.Nb5 d6 6.Bf4 e5 7.Be3 Nf6 8.Bg5 Qa5+
9.Qd2 Nxe4 10.Qxa5 Nxa5 11.Be3 Kd7 12.f3 Nf6 13.Bxa7 d5 14.f4 Nc6 15.fxe5 Bb4+
16.N1c3 Nxa7 17.exf6 Re8+ 18.Kd2 Rg8 19.a3 Bxc3+ 20.Nxc3 Kd6 21.fxg7 Nc6
22.Nb5+ Kc5 23.Nc7 Rb8 24.Re1 Bf5 25.b4+ Kd6 26.Nb5+ Kd7 27.Bd3 Bxd3 28.Kxd3 Rxg7
29.Re2 Rg5 30.Rhe1 Ra8 31.Kc3 Rc8 32.Kb3 Rcg8 33.g3 Rf5 34.Rd1 Rgg5 35.c4 b6
36.Red2 Rf3+ 37.Kb2 Ne5 38.Rxd5+ Ke7 39.Nd6 Ke6 40.R5d2 Rg4 41.Re2 f6 42.Ka2 h5
43.Rc2 Re3 44.c5 bxc5 45.bxc5 Ra4 46.Nb5 Nc4 47.Rd4 Nxa3 48.Rxa4 Nxc2 49.c6 Re2
50.c7 Kd7 51.Ra8 Nd4+ 52.Kb1 Re1+ 53.Kb2 Re2+ 54.Kc1 Re1+ 55.Kd2 Nf3+ 56.Kd3 Ne5+
57.Kc2  1-0

[Event "Zaragoza-B op"]
[Site "Zaragoza"]
[Date "1996.??.??"]
[Round "?"]
[White "Jurkovic, Ante"]
[Black "Aranda Marin, Cristian"]
[Result "1-0"]
[WhiteElo "2335"]
[BlackElo "2225"]

1.e4 c5 2.Nf3 e6 3.d4 cxd4 4.Nxd4 Nc6 5.Nb5 d6 6.Bf4 e5 7.Be3 a6 8.N5c3 Nf6
9.Bc4 Be6 10.Nd5 Bxd5 11.Bxd5 Nxd5 12.Qxd5 Nb4 13.Qb3 d5 14.a3 d4 15.axb4 dxe3
16.O-O e2 17.Re1 Qd4 18.Nc3 Bxb4 19.Qa4+ Kf8 20.Nxe2 Qb6 21.Red1 g6 22.Rd7 Re8
23.Qb3 Re6 24.c3 Bc5 25.Qxb6 Rxb6 26.b4 Be7 27.Rad1 Ke8 28.Ng3 Rf8 29.Nf1 f5
30.Ne3 Rff6 31.Rc7 Rfc6 32.Rdd7 Rxc7 33.Rxc7 Rc6 34.Rxb7 fxe4 35.Kf1 Bg5
36.Nd5 h5 37.Ke2 Rd6 38.c4 Rc6 39.Rc7 Rd6 40.Ra7 Rc6 41.c5 Bd8 42.Nb6  1-0

[Event "FRA-chT9697 final"]
[Site "Clichy"]
[Date "1997.05.01"]
[Round "8"]
[White "Daurelle, Herve"]
[Black "Daly, Colm"]
[Result "0-1"]
[WhiteElo "2245"]
[BlackElo "2310"]

1.e4 c5 2.Nf3 e6 3.d4 cxd4 4.Nxd4 Nc6 5.Nb5 d6 6.c4 Nf6 7.N5c3 Be7 8.g3 O-O
9.Bg2 a6 10.O-O Bd7 11.Re1 Rb8 12.Na3 Qa5 13.Bd2 Qc7 14.Rc1 Ne5 15.Qe2 Rfc8
16.Bf1 Be8 17.h3 Qd8 18.f4 Ng6 19.Be3 h5 20.Qf2 b6 21.Red1 Nd7 22.Be2 h4
23.g4 e5 24.Nd5 exf4 25.Nxf4 Nxf4 26.Bxf4 Nc5 27.e5 Ne6 28.Bh2 d5 29.Kh1 Bc5
30.Qg2 d4 31.Bf3 Bxa3 32.bxa3 Rc5 33.Bd5 Rbc8 34.Bg1 Bc6 35.Bxc6 R8xc6 36.Rc2 Rxc4
37.Rcd2 Rc1 38.Qe4 Rxd1 39.Rxd1 Rc4 40.Bf2 b5 41.Kg1 Rc3 42.a4 Ng5 43.Rxd4 Qc8
44.Qd5 Nxh3+ 45.Kg2 Nxf2 46.Kxf2 Rc2+ 47.Kg1 h3 48.axb5 h2+ 49.Kh1 axb5 50.Qd8+ Qxd8
51.Rxd8+ Kh7 52.Rb8 Rxa2 53.Rxb5 Kg6 54.Rb6+ Kg5 55.e6 f6 56.e7 Re2 57.Rb4 Kh4
58.e8=Q Rxe8 59.Kxh2 Re2+ 60.Kg1 Kg3 61.Kf1 Rf2+ 62.Kg1 Rf4 63.Rb7 g5  0-1

[Event "Drury Lane"]
[Site "London"]
[Date "1997.06.21"]
[Round "6"]
[White "Lalic, Bogdan"]
[Black "Dunnington, Angus J"]
[Result "1-0"]
[WhiteElo "2585"]
[BlackElo "2445"]

1.e4 c5 2.Nf3 e6 3.d4 cxd4 4.Nxd4 Nc6 5.Nb5 d6 6.Bf4 e5 7.Be3 Be7 8.Nd2 a6
9.Nc3 Be6 10.Nc4 b5 11.Nb6 Rb8 12.Nbd5 Nf6 13.a4 O-O 14.axb5 axb5 15.Bxb5 Bxd5
16.exd5 Nd4 17.Bxd4 exd4 18.Qxd4 Nd7 19.O-O Bf6 20.Qc4 Bxc3 21.bxc3 Nc5 22.Qe2 Qf6
23.c4 Ra8 24.Qe1 Rxa1 25.Qxa1 Qxa1 26.Rxa1 Rb8 27.f3 Kf8 28.Kf2 Ke7 29.Ke3 Kf6
30.Kd4 h6 31.Ra7 Rb7 32.Ra8 Ke7 33.Re8+ Kf6 34.Rc8 Ra7 35.Rxc5 dxc5+ 36.Kxc5 Ke7
37.d6+ Kd8 38.Kb6  1-0

[Event "Komercni Banka op"]
[Site "Pardubice"]
[Date "1997.07.17"]
[Round "1"]
[White "Belov, Alexei"]
[Black "Jansa, Vlastimil"]
[Result "0-1"]
[WhiteElo "2280"]
[BlackElo "2480"]

1.e4 c5 2.Nf3 e6 3.d4 cxd4 4.Nxd4 Nc6 5.Nb5 d6 6.c4 Nf6 7.N5c3 Be7 8.Be2 O-O
9.Be3 b6 10.O-O Bb7 11.Nd2 Rc8 12.Rc1 Qd7 13.a3 Rfd8 14.b4 Ne5 15.Bd4 Nc6
16.Be3 Ne5 17.Bd4 Qc7 18.Qb3 Qb8 19.Rfd1 Ng6 20.f3 d5 21.cxd5 exd5 22.exd5 Nxd5
23.Bc4 Qf4 24.Ne2 Qh6 25.Ne4 Ngf4 26.Rc2 Qg6 27.N2g3 h5 28.Rcd2 h4 29.Nf1 a6
30.Ne3 Nxe3 31.Bxe3 Rxd2 32.Rxd2 Bxe4 33.Bxf4 Bxf3 34.Bxa6 Rc1+ 35.Bf1 Bc6
36.Re2 Rxf1+ 37.Kxf1 Bb5 38.Qe3 Bf6 39.Ke1 Bxe2 40.Qxe2 Qb1+ 41.Kf2 Qa1 42.Qe8+ Kh7
43.Qe4+ g6 44.Qd3 Kg7 45.Be3 Qb2+ 46.Kf1 b5 47.Qxb5 Qxa3 48.Qc5 Qa1+ 49.Kf2 Qb2+
50.Kf3 h3 51.Bf2 Qb3+ 52.Qe3 Qd1+ 53.Kg3 hxg2 54.Qc5 Qb1 55.b5 Kh7 56.b6 Be5+
57.Qxe5 g1=Q+ 58.Bxg1 Qxg1+ 59.Kh4 Qxb6 60.Kg5 Qf2 61.Qe7 Kg7 62.Qc7 Qg2+
63.Kh4 Kh6 64.Qd6 Qf2+ 65.Kh3 Qf3+ 66.Kh4 Kg7 67.Qc7 Kf6 68.Qd6+ Kf5 69.Qc5+ Ke4
70.Qe7+ Kd3 71.Qa3+ Ke2 72.Qb2+ Kf1 73.Qe5 f6  0-1

[Event "FRA-ch"]
[Site "Narbonne"]
[Date "1997.08.27"]
[Round "12"]
[White "Fontaine, Robert"]
[Black "Marciano, David"]
[Result "1/2-1/2"]
[WhiteElo "2395"]
[BlackElo "2470"]

1.e4 c5 2.Nf3 e6 3.d4 cxd4 4.Nxd4 Nc6 5.Nb5 d6 6.Bf4 e5 7.Be3 a6 8.N5c3 Nf6
9.Bg5 Be7 10.Nd2 O-O 11.Bxf6 Bxf6 12.Nc4 b5 13.Qxd6 Qxd6 14.Nxd6 Be6 15.Bd3 g6
16.Nb7 Be7 17.Nd5 Bxd5 18.exd5 Nb4 19.O-O-O Nxd5 20.Rhe1 Nf4 21.g3 Nxd3+
22.Rxd3 Ra7 23.Rd7 Bg5+ 24.Kb1 Re8 25.Nc5 Rxd7 26.Nxd7 Re7 27.Nc5 a5 28.Ne4 Bh6
29.Nd6 Rd7 30.Nxb5 Rd2 31.Rf1 e4 32.Na3 e3 33.fxe3 Rxh2 34.Nc4 a4 35.b4 axb3
36.axb3 Rg2 37.Rf3 g5 38.b4 g4 39.Rf1 Rxg3 40.b5 Rxe3 41.b6 Re4 42.b7 Re8
43.Nd6 Rb8 44.Rg1 f5 45.Nxf5 Rxb7+ 46.Ka2 Bf8 47.Rxg4+ Kf7 48.Rf4  1/2-1/2

[Event "Budapest FS09 IM"]
[Site "Budapest"]
[Date "1997.09.11"]
[Round "6"]
[White "Le Thi Phuong Lien"]
[Black "Belotelov, Dimitri"]
[Result "0-1"]
[WhiteElo "2265"]
[BlackElo "2260"]

1.e4 c5 2.Nf3 e6 3.d4 cxd4 4.Nxd4 Nc6 5.Nb5 d6 6.c4 Nf6 7.N1c3 a6 8.Na3 b6
9.Be2 Bb7 10.Be3 Be7 11.O-O Nb8 12.f3 Nbd7 13.Kh1 Qc7 14.Rc1 Rc8 15.Qd2 O-O
16.Rfd1 Qb8 17.Bf4 Ne5 18.Bf1 Rfe8 19.Qf2 Nfd7 20.Rc2 Ba8 21.Rcd2 Qc7 22.Qg3 Kh8
23.Nab5 axb5 24.Nxb5 Qc5 25.Nxd6 Bxd6 26.Rxd6 Bc6 27.b4 Qxb4 28.Bxe5 Nxe5
29.Qxe5 Ba4 30.Ra1 Rc5 31.Qd4 h6 32.e5 Bc2 33.h3 Ra8 34.f4 Bb1 35.Kh2 Bg6
36.Be2 Kh7 37.Rd7 Rca5 38.Bf3 Rc8 39.Be2 Rca8 40.f5 Bxf5 41.Rxf7 Qc5 42.Qxc5 bxc5
43.Rd1 Rxa2 44.Bf3 R2a7 45.Rxf5 exf5 46.Bxa8 Rxa8 47.Rd5 Rc8 48.Kg3 g5 49.h4 Kg7
50.Rd7+ Kg6 51.Rd6+ Kh5 52.Rf6 f4+ 53.Kf3 Rd8 54.hxg5 Kxg5 55.Rd6 Ra8 56.Ke4 Ra2
57.Rd8 Re2+ 58.Kf3 Re3+ 59.Kf2 Rxe5 60.g3 Kg4 61.gxf4 Kxf4 62.Rd6 h5 63.Rd8 Ke4
64.Ke2 h4 65.Rh8 Kd4+ 66.Kf3 Kxc4 67.Rxh4+ Kd3 68.Kf2 c4 69.Rh8 c3 70.Rd8+ Kc4  0-1

[Event "Budapest FS10 IM-B"]
[Site "Budapest"]
[Date "1997.10.09"]
[Round "5"]
[White "Le Thi Phuong Lien"]
[Black "Murzin, Lenar"]
[Result "1-0"]
[WhiteElo "2265"]
[BlackElo "2310"]

1.e4 c5 2.Nf3 e6 3.d4 cxd4 4.Nxd4 Nc6 5.Nb5 d6 6.c4 Nf6 7.N1c3 a6 8.Na3 Be7
9.Be2 O-O 10.O-O b6 11.Be3 Bb7 12.Qb3 Nd7 13.Rfd1 Nc5 14.Qc2 Bf6 15.f3 Be5
16.Bf1 f5 17.exf5 Rxf5 18.Qf2 Qf6 19.Rab1 Bxc3 20.Bxc5 Be5 21.Bxb6 Rf8 22.Be3 Rh5
23.f4 Bxf4 24.Bxf4 Qxf4 25.Qxf4 Rxf4 26.Rxd6 Ne5 27.Rbd1 Be4 28.Be2 Rg5 29.g3 h5
30.Bxh5 Rf6 31.Be2 a5 32.Nb5 Rgf5 33.Rd8+ Rf8 34.Rxf8+ Rxf8 35.Rd6 Bf5 36.Nd4 Bh3
37.Nxe6 Nf3+ 38.Bxf3 Bxe6 39.Rxe6 Rxf3 40.Re5 a4 41.Ra5 Rd3 42.Rxa4 Rd1+
43.Kf2 Rd2+ 44.Ke3 Rxb2 45.Kd4 Rxh2 46.Ra3 Kf7 47.c5 g5 48.Kd5 Rd2+ 49.Kc6 Ke6
50.Kc7 g4 51.c6 Rf2 52.Kb7 Rb2+ 53.Rb3  1-0

[Event "GER-ch"]
[Site "Gladenbach"]
[Date "1997.11.21"]
[Round "5"]
[White "Zude, Arno"]
[Black "Maiwald, Jens Uwe"]
[Result "0-1"]
[WhiteElo "2395"]
[BlackElo "2450"]

1.e4 c5 2.Nf3 e6 3.d4 cxd4 4.Nxd4 Nc6 5.Nb5 d6 6.c4 Nf6 7.N1c3 a6 8.Na3 Be7
9.Be2 O-O 10.O-O b6 11.Be3 Bb7 12.Qb3 Nd7 13.Rfd1 Nc5 14.Qc2 Qc7 15.Qd2 Ne5
16.f3 Rac8 17.Rac1 Ncd7 18.Qe1 Ng6 19.Kh1 Qb8 20.Qg3 Rfe8 21.Bf1 h5 22.Qf2 Bd8
23.Ne2 Bc7 24.Nf4 Nxf4 25.Bxf4 Nf8 26.Be3 Nd7 27.Nb1 Bc6 28.Nc3 Ne5 29.a4 Rf8
30.Qh4 g6 31.Rd2 Bd8 32.Qf2 f5 33.Bh6 Rf7 34.exf5 Rxf5 35.Qd4 Kh7 36.Be3 Bc7
37.Ne4 Bxe4 38.Qxe4 Re8 39.Bd4 Ref8 40.Bc3 Rf4 41.Qe3 Qe8 42.b3 Ng4 43.Qg1 Nh6
44.Re1 Qf7 45.Rde2 e5 46.Bd2 Rf6 47.Re4 Nf5 48.Bg5 Re6 49.Bd3 Ree8 50.f4 Nd4
51.fxe5 dxe5 52.Rf1 Qd7 53.Rd1 Kg7 54.Ree1 Bd8 55.Bc1 Kh7 56.Qe3 Qg7 57.Be4 Rf6
58.Bb2 Ref8 59.g3 Be7 60.Bg2 Bb4 61.Qxe5 Bxe1 62.Qxd4 Qe7 63.Qh4 Rf1+ 64.Bxf1 Rxf1+
65.Kg2 Qe2+ 66.Kh3 Qe6+ 67.Kg2 Rg1+ 68.Kf3 Rf1+ 69.Kg2 Rf2+ 70.Kh1 Rxb2 71.Qf4 Bc3
72.Qf3 Bg7  0-1

[Event "Ano Liosia op"]
[Site "Ano Liosia"]
[Date "1997.??.??"]
[Round "3"]
[White "Karapanos, Nikolaos"]
[Black "Zahariev, Zahari"]
[Result "1-0"]
[WhiteElo "2215"]
[BlackElo "2415"]

1.e4 c5 2.Nf3 Nc6 3.d4 cxd4 4.Nxd4 e6 5.Nb5 d6 6.c4 Nf6 7.N1c3 a6 8.Na3 Be7
9.Be2 O-O 10.O-O b6 11.Be3 Ne5 12.f3 Bb7 13.Qb3 Ned7 14.Rfd1 Qb8 15.Kh1 Bc6
16.Rd2 Nc5 17.Qd1 Bb7 18.Bf4 Ne8 19.Rb1 Nd7 20.b4 Qc8 21.Rc1 f5 22.exf5 Rxf5
23.Be3 Bg5 24.Bxg5 Rxg5 25.Rd4 e5 26.Rd2 Ndf6 27.Na4 Qc6 28.b5 Qc7 29.bxa6 Rxa6
30.Nb5 Qe7 31.Qb3 Kh8 32.Bd1 h6 33.Qe3 Nd7 34.Nac3 Ndf6 35.Na4 Nd7 36.Nac3  1-0

[Event "Ano Liosia op"]
[Site "Ano Liosia"]
[Date "1997.??.??"]
[Round "3"]
[White "Dervishi, Erald"]
[Black "Kobalija, Mihail"]
[Result "1-0"]
[WhiteElo "2380"]
[BlackElo "2545"]

1.e4 c5 2.Nf3 e6 3.d4 cxd4 4.Nxd4 Nc6 5.Nb5 d6 6.c4 Nf6 7.N1c3 a6 8.Na3 b6
9.Be2 Bb7 10.Be3 Be7 11.O-O Nb8 12.f3 Nbd7 13.Qd2 O-O 14.Rfd1 Qc7 15.Rac1 Rac8
16.Bf1 Qb8 17.Qf2 Bd8 18.Nc2 Bc7 19.Qh4 Rfe8 20.Nd4 Ne5 21.Qh3 Ng6 22.Re1 d5
23.exd5 exd5 24.Nf5 dxc4 25.Bxc4 Bf4 26.Bf1 Bxe3+ 27.Nxe3 b5 28.Ng4 Nxg4
29.Rxe8+ Rxe8 30.Qxg4 Qa7+ 31.Kh1 Qe3 32.Rb1 Bc8 33.Qg3 Bf5 34.Rd1 Bc2 35.Ra1 b4
36.Ne2 Bd3 37.Ng1 Nf4 38.Nh3 Nxh3 39.gxh3 g6 40.Qg2 a5 41.Rd1 Bxf1 42.Qxf1 a4
43.Rd3 Qe2 44.Qxe2 Rxe2 45.Rd8+ Kg7 46.Ra8 a3 47.bxa3 Rxa2 48.Rb8 bxa3 49.Rb3 Kf6
50.Kg1 Ke5 51.Rd3 Kf4 52.h4 Kf5 53.Rd5+ Kf6 54.Rd6+ Kg7 55.Ra6 h5 56.h3 Kf8
57.Ra7 Ke8 58.Kf1 Rh2 59.Rxa3 Rxh3 60.Kg2 Rxh4 61.Ra7 Rd4 62.Kg3 Rd7 63.Ra6 Ke7
64.Rb6 Rd6 65.Rb7+ Kf6 66.Ra7 Rd5 67.Rb7 g5 68.Rb4 Kf5 69.Ra4 f6 70.Rb4 h4+
71.Kh3 Rd3 72.Kg2 Rd2+  1-0

[Event "AUT-chT2S 9697"]
[Site "Austria"]
[Date "1997.??.??"]
[Round "8"]
[White "Wallner, Walter"]
[Black "Wurm, Christoph"]
[Result "0-1"]
[WhiteElo "2070"]
[BlackElo "2170"]

1.e4 c5 2.Nf3 e6 3.d4 cxd4 4.Nxd4 Nc6 5.Nb5 d6 6.c4 a6 7.N5a3 Nf6 8.Nc3 Be7
9.Be2 O-O 10.O-O b6 11.Be3 Rb8 12.f3 Qc7 13.Qe1 Rd8 14.Qg3 Nh5 15.Qf2 Nf6
16.Rfd1 Nb4 17.Rac1 Bd7 18.Nab1 Be8 19.a3 Nc6 20.Nd5 exd5 21.cxd5 b5 22.dxc6 Bxc6
23.Nc3 Qb7 24.b4 Rbc8 25.Bb6 Re8 26.Bd4 Nd7 27.Qg3 Bf8 28.h4 Re6 29.h5 Nf6
30.Qh3 Bd7 31.g4 Be7 32.Bd3 Bc6 33.Bb1 Bd8 34.Ba2 d5 35.e5 Nd7 36.f4 Bb6
37.Qe3 Bxd4 38.Qxd4 Nb6 39.Nxd5 Nxd5 40.Bxd5 Bxd5 41.Rxc8+ Qxc8 42.Qxd5 Re8
43.Qd7 Qa8 44.Kf2 h6 45.Rd2 Rc8 46.f5 Kh7 47.f6 Rc3 48.Qf5+ Kg8 49.fxg7 Qa7+
50.Kf1 Qa8 51.Kf2 Qa7+ 52.Kg2 Qb7+ 53.Kh2 Rf3 54.Qc2 Qe7 55.Qc8+ Kxg7 56.Kg2 Rxa3
57.Qf5 Qh4 58.Qf4 Ra1 59.Qf6+ Qxf6 60.exf6+ Kxf6 61.Kg3 Ra4 62.Rb2 Kg5 63.Rf2 Ra3+
64.Kh2 Kxg4 65.Rxf7 Kxh5 66.Rf6 Kg5 67.Rc6 Ra4 68.Kg2 Rxb4 69.Rxa6 h5 70.Ra8 h4
71.Rg8+ Kf5  0-1

[Event "AUT-chT9697"]
[Site "Austria"]
[Date "1997.??.??"]
[Round "11"]
[White "Janetschek, Karl"]
[Black "Sommerbauer, Norbert"]
[Result "1/2-1/2"]
[WhiteElo "2275"]
[BlackElo "2350"]

1.e4 c5 2.Nf3 e6 3.d4 cxd4 4.Nxd4 Nc6 5.Nb5 d6 6.c4 Nf6 7.N1c3 a6 8.Na3 b6
9.Be2 Bb7 10.O-O Nb8 11.f3 Nbd7 12.Be3 Be7 13.Qd2 O-O 14.Rac1 Rc8 15.Rfd1 Qc7
16.Bf1 Qb8 17.Qf2 Bd8 18.Kh1 Bc7 19.Qh4 Ne5 20.b3 Rfe8 21.Nc2 Ng6 22.Qh3 d5
23.cxd5 Bf4 24.Ne2 Rxc2 25.Nxf4 Rxc1 26.Rxc1 Nxf4 27.Qg3 N6h5 28.Qh4 exd5
29.g3 dxe4 30.Bxf4 Nxf4 31.Qxf4 Qxf4 32.gxf4 exf3 33.Rc7 Bd5 34.Kg1 g5 35.fxg5 Re5
36.h4 Re4 37.Bc4 Bxc4 38.Rxc4 Re2 39.Rc6 Rxa2 40.Rxb6 a5 41.Kf1 Rh2 42.Rb5 Rxh4
43.Rxa5 Rb4 44.Rf5 Rxb3 45.Kf2 Kg7 46.Kg3 Ra3 47.Kg4 Rb3 48.Kg3 Rb1 49.Rxf3 Rg1+
50.Kh4  1/2-1/2

[Event "Wch Seniors"]
[Site "Bad Wildbad"]
[Date "1997.??.??"]
[Round "4"]
[White "Gruzmann, Boris"]
[Black "Taimanov, Mark E"]
[Result "1/2-1/2"]
[WhiteElo "2265"]
[BlackElo "2425"]

1.e4 c5 2.Nf3 e6 3.d4 cxd4 4.Nxd4 Nc6 5.Nb5 d6 6.c4 Nf6 7.N1c3 a6 8.Na3 Be7
9.Be2 O-O 10.O-O Bd7 11.Be3 Qb8 12.f3 Na7 13.Kh1 b6 14.Qb3 Bd8 15.Rfd1 Bc6
16.Nc2 Nd7 17.Nb4 Bb7 18.Rd2 Bc7 19.Qd1 Nc6 20.Nxc6 Bxc6 21.a4 Rd8 22.Bg5 Re8
23.Bf4  1/2-1/2

[Event "Budapest"]
[Site "Budapest"]
[Date "1997.??.??"]
[Round "5"]
[White "Farago, Sandor"]
[Black "Roser, Kevin"]
[Result "1-0"]
[WhiteElo "2255"]
[BlackElo "2255"]

1.e4 c5 2.Nf3 Nc6 3.d4 cxd4 4.Nxd4 e6 5.Nb5 d6 6.c4 Nf6 7.N1c3 a6 8.Na3 Be7
9.Be2 O-O 10.O-O b6 11.Be3 Bb7 12.Nc2 Ne5 13.f3 Rc8 14.Na4 Ned7 15.Bd4 Qc7
16.Nc3 Rfe8 17.Rc1 Qb8 18.Kh1 Bd8 19.Bg1 Bc7 20.Nd4 Rcd8 21.Qc2 Rc8 22.Qa4 Nc5
23.Qa3 Kh8 24.b4 Ncd7 25.Rc2 Rg8 26.Qb2 Qa8 27.a3 Rge8 28.Qc1 Qb8 29.Nd1 Ne5
30.Ne3 Nc6 31.Nb3 d5 32.cxd5 exd5 33.Rxc6 Bxc6 34.Qxc6 Bf4 35.Qa4 Rc3 36.Nd1 b5
37.Qxa6 Rxb3 38.Bxb5 Re6 39.Qa4 Rb1 40.g3 Bc7 41.Bd3 Rc1 42.Be3 Rcc6 43.b5 Rcd6
44.e5 Rxe5 45.Bf4 Rde6 46.Bxe5 Bxe5 47.f4 Bc7 48.Nf2 Bb6 49.Bf5 Re2 50.Ng4 d4
51.Qa6 Nd5 52.Ne5 g6 53.Bg4 Ra2 54.Bf3 Ne3 55.Rc1 Rf2 56.Nd7 Qd8 57.Qxb6 Qxb6
58.Nxb6 Rxf3 59.Nc4 Nxc4 60.Rxc4 Rxa3 61.Rxd4 Rb3 62.Rd5 Rb2 63.Kg1 Kg7 64.h3 h5
65.h4 Kf8 66.f5 Ke7 67.fxg6 fxg6 68.Rg5 Kf6 69.Kf1 Rd2 70.Ke1 Rd6 71.Ke2 Ke7
72.Ke3 Kd7 73.Rc5 Rf6 74.Ke4 Ke7 75.Rc7+ Kf8 76.Kd4 Ke8 77.Rc6 Rf5 78.Kc4 g5
79.Rc5  1-0

[Event "Corsica rap op"]
[Site "Corsica"]
[Date "1997.??.??"]
[Round "5"]
[White "Szitas, Gabor"]
[Black "Marciano, David"]
[Result "1-0"]
[WhiteElo "2175"]
[BlackElo "2470"]

1.e4 c5 2.Nf3 e6 3.d4 cxd4 4.Nxd4 Nc6 5.Nb5 d6 6.c4 Nf6 7.Bd3 Be7 8.O-O O-O
9.Be3 b6 10.N1c3 Bb7 11.f4 Rc8 12.Rc1 a6 13.Nd4 Nb4 14.Bb1 Rxc4 15.a3 Nc6
16.Ba2 Rc5 17.b4 Rh5 18.Nd5 Nxd4 19.Nxf6+ Bxf6 20.Qxh5 Bxe4 21.Bb1 Qa8 22.Bxe4 Qxe4
23.Bxd4 Bxd4+ 24.Kh1 Bb2 25.Rb1 Bxa3 26.Qf3 Qxf3 27.Rxf3 Bxb4 28.Rxb4 b5
29.Ra3 Rc8 30.Rb1 Rc6 31.Rba1 h5 32.Rxa6 Rc4 33.Rxd6 Rxf4 34.Rb1 g6 35.Rb6 Kg7
36.R6xb5 Rf2 37.Rb7 Rf5 38.Kg1 Rf4 39.Rf1 e5 40.Rxf4 exf4 41.Kf2  1-0

[Event "CZE-chT 9697"]
[Site "CZE"]
[Date "1997.??.??"]
[Round "1"]
[White "Pachmann, Ales"]
[Black "Beil, Zdenek"]
[Result "0-1"]
[WhiteElo "2270"]
[BlackElo "2325"]

1.e4 c5 2.Nf3 Nc6 3.d4 cxd4 4.Nxd4 e6 5.Nb5 d6 6.c4 Nf6 7.N1c3 a6 8.Na3 b6
9.Be2 Bb7 10.Be3 Ne5 11.f3 Ned7 12.O-O Be7 13.Qd2 O-O 14.Rfd1 Rc8 15.Rac1 Qc7
16.Kh1 Qb8 17.Bf1 Kh8 18.Qf2 Ba8 19.Nc2 Ne5 20.Na4 Nfd7 21.Na3 f5 22.exf5 Rxf5
23.Be2 Rcf8 24.Qe1 Nxf3 25.Bxf3 Rxf3 26.Nc2 Qb7 27.Qg1 b5 28.cxb5 axb5 29.Nc3 Nf6
30.Rd2 b4 31.Na4 Ne4 32.Re2 R3f5 33.Qe1 Nf2+  0-1

[Event "CZE-chT 9697"]
[Site "CZE"]
[Date "1997.??.??"]
[Round "7"]
[White "Pachmann, Ales"]
[Black "Chloupek, Stanislav"]
[Result "1/2-1/2"]
[WhiteElo "2270"]
[BlackElo "2335"]

1.e4 c5 2.Nf3 e6 3.d4 cxd4 4.Nxd4 Nc6 5.Nb5 d6 6.c4 Nf6 7.N1c3 a6 8.Na3 Be7
9.Be2 O-O 10.O-O b6 11.Be3 Ne5 12.f3 Bb7 13.Qb3 Ned7 14.Rfd1 Rb8 15.Kh1 Re8
16.Rac1 h6 17.Rd2 Qc7 18.Qd1 Rbd8 19.Qg1 Rc8 20.Bf4 Nh5 21.Be3 Nhf6 22.Bf4 Nh5
23.Be3 Nhf6  1/2-1/2

[Event "CZE-chT 9697"]
[Site "CZE"]
[Date "1997.??.??"]
[Round "10"]
[White "Jurasek, Miroslav"]
[Black "Chloupek, Stanislav"]
[Result "0-1"]
[WhiteElo "2305"]
[BlackElo "2335"]

1.e4 c5 2.Nf3 e6 3.d4 cxd4 4.Nxd4 Nc6 5.Nb5 d6 6.Bf4 e5 7.Bc1 Be7 8.Bc4 Nf6
9.Bg5 Nxe4 10.Bxe7 Qxe7 11.Bd5 a6 12.Bxe4 axb5 13.Qd3 f5 14.Bd5 b4 15.O-O Be6
16.Nd2 O-O 17.Nc4 Nd4 18.Bxe6+ Qxe6 19.c3 bxc3 20.bxc3 Rac8 21.Nb6 Rxc3  0-1

[Event "CZE-chT 9697"]
[Site "CZE"]
[Date "1997.??.??"]
[Round "11"]
[White "Jurasek, Miroslav"]
[Black "Pachmann, Ales"]
[Result "1-0"]
[WhiteElo "2305"]
[BlackElo "2270"]

1.e4 c5 2.Nf3 e6 3.d4 cxd4 4.Nxd4 Nc6 5.Nb5 d6 6.c4 Nf6 7.N1c3 a6 8.Na3 Be7
9.Be2 O-O 10.O-O b6 11.Be3 Bb7 12.Qd2 Ne5 13.f3 d5 14.cxd5 exd5 15.exd5 b5
16.Rfd1 Bd6 17.Nc2 Re8 18.a3 Rc8 19.Kh1 Nh5 20.Nd4 Rxc3 21.bxc3 Qh4 22.Nf5 Qxh2+
23.Kxh2 Nxf3+ 24.Kh1 Nxd2 25.Bxh5  1-0

[Event "Decin op"]
[Site "Decin"]
[Date "1997.??.??"]
[Round "4"]
[White "Hermansson, Emil"]
[Black "Verdihanov, Vladislav"]
[Result "1/2-1/2"]
[WhiteElo "2275"]
[BlackElo "2405"]

1.e4 c5 2.Nf3 e6 3.d4 cxd4 4.Nxd4 Nc6 5.Nb5 d6 6.c4 Nf6 7.N1c3 a6 8.Na3 Be7
9.Be2 O-O 10.O-O b6 11.Be3 Bb7 12.Qb3 Nd7 13.Rfd1 Qc7 14.Rac1 Nc5 15.Qc2 Bf6
16.f3 Be5 17.Qd2 Rac8 18.Nc2 a5 19.Na3 Qb8 20.Kh1 Rfd8 21.Nab5 Nb4 22.Qe1 d5
23.a3 dxe4 24.Bxc5 exf3 25.Bxf3 Nd3 26.Rxd3 Rxd3 27.Bxb7 Rxc5 28.Na4 Bc3
29.Nxc5 Bxe1 30.Nxd3 Bg3 31.hxg3 Qxb7 32.b4 Qe4 33.Rc3 Qe2 34.c5 Qd1+ 35.Kh2 Qh5+
36.Kg1 Qd1+ 37.Kf2 Qd2+ 38.Kf3 bxc5 39.bxc5 f5 40.c6 e5 41.Nxe5 Qd5+ 42.Kf2 Qd2+  1/2-1/2

[Event "Decin op"]
[Site "Decin"]
[Date "1997.??.??"]
[Round "7"]
[White "Dzyuin, Artem"]
[Black "Lymar, Irina"]
[Result "1-0"]
[WhiteElo "2320"]
[BlackElo "2235"]

1.e4 c5 2.Nf3 e6 3.d4 cxd4 4.Nxd4 Nc6 5.Nb5 d6 6.Bf4 e5 7.Be3 Nf6 8.Bg5 Be6
9.Be2 a6 10.Bxf6 gxf6 11.N5c3 Qb6 12.b3 Nd4 13.Nd5 Bxd5 14.exd5 Nxe2 15.Kxe2 Rg8
16.Kf1 Rc8 17.c4 Qb4 18.Nd2 b5 19.Ne4 Rg6 20.a3 Qa5 21.c5 dxc5 22.Qh5 Rd8
23.Nxf6+ Rxf6 24.Qxe5+ Be7 25.Re1 Rd7 26.b4 Qb6 27.bxc5 Qa5 28.c6 Rc7 29.d6 Qxe1+
30.Qxe1 Rxd6 31.g3 Rcxc6 32.Kg2 Rc2 33.Qe4 Rdd2 34.Re1 Rxf2+ 35.Kg1 Rg2+
36.Qxg2 Rxg2+ 37.Kxg2 Kd7 38.Re3 a5 39.Kf3 b4 40.a4 Bc5 41.Rb3 Ke6 42.Ke4 f5+
43.Kd3 Kd5 44.Rb1 Bd4 45.Rf1 Ke5 46.Re1+ Kd5 47.Re7 b3 48.Rxh7 Kc6 49.Rh5 b2
50.Kc2 Kc5 51.Rxf5+ Kb4 52.Rf4  1-0

[Event "Decin op"]
[Site "Decin"]
[Date "1997.??.??"]
[Round "8"]
[White "Hermansson, Emil"]
[Black "Lymar, Vladimir"]
[Result "1-0"]
[WhiteElo "2275"]
[BlackElo "2350"]

1.e4 c5 2.Nf3 e6 3.d4 cxd4 4.Nxd4 Nc6 5.Nb5 d6 6.c4 Nf6 7.N1c3 a6 8.Na3 b6
9.Be2 Bb7 10.O-O Be7 11.Be3 O-O 12.Qb3 Nd7 13.Rfd1 Nc5 14.Qc2 Bf6 15.Rac1 Qc7
16.f3 Be5 17.Qd2 f5 18.exf5 Rxf5 19.Nc2 d5 20.cxd5 Bxh2+ 21.Kf1 exd5 22.Nxd5 Qf7
23.Bc4 Kh8 24.Nxb6 Rxf3+ 25.Ke2 Rxe3+ 26.Nxe3 Qf6 27.Nxa8 Ne4 28.Rf1 Ng3+
29.Ke1 Nxf1 30.Nxf1 Bf4 31.Qd5 Qf8 32.Rc3 Bxa8 33.Qf7 Bd6 34.Qxf8+ Bxf8 35.Re3 Bb4+
36.Kd1 Ne7 37.a3 Bc5 38.Re5  1-0

[Event "Dieren op"]
[Site "Dieren"]
[Date "1997.??.??"]
[Round "5"]
[White "Jonker, Marc"]
[Black "Vakhidov, Tahir"]
[Result "1/2-1/2"]
[WhiteElo "2295"]
[BlackElo "2485"]

1.e4 c5 2.Nf3 e6 3.d4 cxd4 4.Nxd4 Nc6 5.Nb5 d6 6.c4 Nf6 7.N1c3 a6 8.Na3 b6
9.Be2 Bb7 10.O-O Nb8 11.f3 Be7 12.Be3 Nbd7 13.Qd2 O-O 14.Rfd1 Qc7 15.Kh1 Rac8
16.Bf2 Qb8 17.Nc2 Rfe8 18.Ne3 Bc6 19.Bf1 Kh8 20.a4 Nc5 21.Qc2 a5 22.Rd2 Red8
23.Rad1 Na6 24.Qb1 Nb4 25.Nb5 Bxb5 26.axb5 Nd7 27.Nc2 Nxc2 28.Qxc2 Nc5 29.Be3 h6
30.g3 Qb7 31.Bg2 Qb8 32.b3 Bf6 33.Bf4 Be5 34.Be3 Qc7 35.f4 Bf6 36.h4 h5 37.Bf3 g6
38.Kg2 Kg7 39.Rh1 Qa7 40.Rhd1 Qc7 41.Bf2 Qb8 42.Be3 Qc7 43.Bf2  1/2-1/2

[Event "ROM-chT"]
[Site "Eforie Nord"]
[Date "1997.??.??"]
[Round "?"]
[White "Popescu, Gheorghe"]
[Black "Istrate, Bogdan"]
[Result "1/2-1/2"]
[WhiteElo "2245"]
[BlackElo "2325"]

1.e4 c5 2.Nf3 e6 3.d4 cxd4 4.Nxd4 Nc6 5.Nb5 d6 6.c4 Nf6 7.N1c3 a6 8.Na3 Be7
9.Be2 O-O 10.O-O b6 11.Be3 Bb7 12.Rc1 Nb8 13.Qd4 Nbd7 14.Rfd1 Qc7 15.f3 Rac8
16.Qd2 Rfd8 17.Bf1 Qb8 18.Kh1  1/2-1/2

[Event "FIN-chT 9697"]
[Site "FIN"]
[Date "1997.??.??"]
[Round "8.6"]
[White "Fieandt, John"]
[Black "Haapasalo, Jukka Pekka"]
[Result "1/2-1/2"]
[WhiteElo "2220"]
[BlackElo "2240"]

1.e4 c5 2.Nf3 e6 3.d4 cxd4 4.Nxd4 Nc6 5.Nb5 d6 6.Bf4 e5 7.Be3 Nf6 8.Bg5 Be6
9.Nd2 Be7 10.Bxf6 Bxf6 11.Nc4 O-O 12.Qxd6 Qc8 13.Qd2 Rd8 14.Qc1 Bxc4 15.Bxc4 Nd4
16.Bd3 Qg4 17.O-O Nxb5 18.Bxb5 Qxe4 19.a4 Rac8 20.Bd3 Qb4 21.Qe3 b6  1/2-1/2